[Event "Milan op 02"]
[Site "Milan"]
[Date "2012.02.17"]
[Round "3"]
[White "Lanzani, Mario"]
[Black "Arnold, Daniele"]
[Result "1-0"]
[WhiteElo "2347"]
[BlackElo "1829"]
[PlyCount "133"]
[EventDate "2012.02.15"]
[EventType "swiss"]
[EventRounds "6"]
[EventCountry "ITA"]
[SourceTitle "EXT 2014"]
[Source "ChessBase"]
[SourceDate "2013.11.20"]
[SourceVersion "1"]
[SourceVersionDate "2013.11.20"]
[SourceQuality "1"]

1. d4 d5 2. c4 c6 3. Nf3 Nf6 4. Nc3 e6 5. g3 Bd6 6. Bg2 0-0 7. 0-0 Nbd7 8. b3 Re8 9. Bb2 Qe7 10. Qc2 dxc4 11. bxc4 e5 12. e3 Rb8 13. a4 b6 14. a5 b5 15. dxe5 Bxe5 16. Nxe5 Nxe5 17. cxb5 cxb5 18. Ne2 Bb7 19. Bxb7 Rxb7 20. Bxe5 Qxe5 21. a6 Rc7 22. Qd3 Rec8 23. Rab1 Rc4 24. Rfd1 g6 25. Qd6 Qxd6 26. Rxd6 R4c6 27. Rxc6 Rxc6 28. Rxb5 Rxa6 29. Nc3 Kf8 30. Rb7 Ra3 31. Rc7 Ra1+ 32. Kg2 Rc1 33. Kf3 a5 34. Rc5 Nd7 35. Rd5 Rxc3 36. Rxd7 a4 37. Ra7 Ra3 38. g4 Ra1 39. h4 a3 40. Kf4 a2 41. h5 h6 42. hxg6 fxg6 43. Kf3 h5 44. gxh5 gxh5 45. Kg2 h4 46. e4 Ke8 47. e5 Re1 48. Rxa2 Rxe5 49. Ra4 Kf7 50. Rxh4 Kg6 51. Kg3 Re1 52. Ra4 Kf5 53. Ra5+ Kf6 54. Kf4 Rf1 55. Ra6+ Kf7 56. f3 Kf8 57. Kg4 Rg1+ 58. Kf5 Kf7 59. f4 Kf8 60. Kf6 Ke8 61. f5 Rg2 62. Ra8+ Kd7 63. Kf7 Rg1 64. Ra2 Rd1 65. f6 Rd3 66. Rg2 Kd8 67. Kg8 1-0

[Event "Milan op 02"]
[Site "Milan"]
[Date "2012.02.15"]
[Round "1"]
[White "Arnold, Daniele"]
[Black "Pelizzola, Danilo"]
[Result "1/2-1/2"]
[WhiteElo "1829"]
[BlackElo "1963"]
[PlyCount "107"]
[EventDate "2012.02.15"]
[EventType "swiss"]
[EventRounds "6"]
[EventCountry "ITA"]
[SourceTitle "EXT 2014"]
[Source "ChessBase"]
[SourceDate "2013.11.20"]
[SourceVersion "1"]
[SourceVersionDate "2013.11.20"]
[SourceQuality "1"]

1. e4 c5 2. Nf3 Nc6 3. d4 cxd4 4. Nxd4 Nf6 5. Nc3 e5 6. Ndb5 d6 7. Bd3 Be6 8. Be3 a6 9. Na3 b5 10. Nab1 Be7 11. 0-0 0-0 12. f3 Qa5 13. Nd2 Rfc8 14. Nb3 Qd8 15. Qd2 Nb4 16. Rfd1 Nxd3 17. Qxd3 Qc7 18. Rac1 Rab8 19. Nd5 Nxd5 20. exd5 Bd7 21. c3 f5 22. f4 Qc4 23. fxe5 dxe5 24. d6 Bf6 25. Qxc4+ bxc4 26. Nc5 Rd8 27. b3 g5 28. Nxa6 Ra8 29. Nb4 cxb3 30. axb3 Ra3 31. Nd5 Kf7 32. b4 f4 33. Bb6 Rda8 34. c4 Rb3 35. c5 Bc6 36. Ba5 Rb2 37. Nxf6 Kxf6 38. d7 Rxg2+ 39. Kf1 Rxh2 40. d8Q+ Rxd8 41. Bxd8+ Kf5 42. Rc3 g4 43. Rd6 Bb5+ 44. Kg1 g3 45. c6 Rf2 46. Bb6 Rb2 47. Rd1 Rxb4 48. c7 Ba6 49. Ra3 Bb7 50. Ra7 Bc8 51. Ra8 Bb7 52. Rb8 Ba6 53. Ra1 f3 54. Bc5 1/2-1/2

[Event "Milan Crespi op-B 32nd"]
[Site "Milan"]
[Date "2011.12.09"]
[Round "4"]
[White "Arnold, Daniele"]
[Black "Alberio, Silvio"]
[Result "1/2-1/2"]
[WhiteElo "1824"]
[BlackElo "1755"]
[PlyCount "126"]
[EventDate "2011.12.07"]
[EventType "swiss"]
[EventRounds "7"]
[EventCountry "ITA"]
[SourceTitle "EXT 2022"]
[Source "ChessBase"]
[SourceDate "2021.10.06"]
[SourceVersion "1"]
[SourceVersionDate "2021.10.06"]
[SourceQuality "1"]

1. e4 e6 2. d4 d5 3. Nc3 Bb4 4. e5 Ne7 5. a3 Bxc3+ 6. bxc3 c5 7. Qg4 Nbc6 8. Nf3 cxd4 9. cxd4 Qc7 10. Bd2 Bd7 11. Qxg7 Rg8 12. Qxh7 Na5 13. g3 Ba4 14. Bd3 Nc4 15. Ng5 Nxe5 16. Be2 Bxc2 17. Rc1 Bxh7 18. Rxc7 Nd3+ 19. Kf1 Bg6 20. Rxb7 Nc6 21. Nf3 Be4 22. Rb3 Rb8 23. Rxd3 Rb1+ 24. Be1 Bxd3 25. Bxd3 Rb3 26. Ke2 Rg4 27. a4 Nxd4+ 28. Nxd4 Rxd4 29. Bb5+ Ke7 30. Bd2 a6 31. Bxa6 Rxa4 32. Bd3 Rd4 33. Bc2 Rb2 34. Rc1 Rc4 35. Kd1 Rd4 36. Rb1 Ra2 37. Rb4 Rxb4 38. Bxb4+ Kf6 39. Bc3+ Kg5 40. h4+ Kg4 41. Kd2 Kf3 42. Bd4 f5 43. h5 Ra6 44. Kc3 Rc6+ 45. Kd3 Kg4 46. Bd1+ Kg5 47. Be3+ Kf6 48. Bb3 Rc7 49. Kd4 Rc6 50. h6 Rc7 51. Bf4 Rb7 52. Bd1 Rb4+ 53. Kc5 Rc4+ 54. Kd6 Re4 55. Bh5 d4 56. Bg5+ Kxg5 57. h7 Kxh5 58. h8Q+ Kg4 59. Kc5 Kf3 60. Kc4 Kxf2 61. Qh2+ Kf3 62. Kd3 Kg4 63. Qg2 e5 1/2-1/2

[Event "Milan Molinari Memorial 5th"]
[Site "Milan"]
[Date "2011.10.30"]
[Round "3"]
[White "Gongalov, Bojan"]
[Black "Arnold, Daniele"]
[Result "1-0"]
[WhiteElo "2084"]
[BlackElo "1856"]
[PlyCount "77"]
[EventDate "2011.10.28"]
[EventType "swiss"]
[EventRounds "6"]
[EventCountry "ITA"]
[SourceTitle "EXT 2014"]
[Source "ChessBase"]
[SourceDate "2013.11.20"]
[SourceVersion "1"]
[SourceVersionDate "2013.11.20"]
[SourceQuality "1"]

1. d4 d5 2. c4 c6 3. Nf3 Nf6 4. g3 e6 5. Bg2 Nbd7 6. Qc2 Bd6 7. 0-0 0-0 8. Rd1 Qe7 9. Bg5 h6 10. Bxf6 Nxf6 11. Nc3 Rd8 12. e4 dxe4 13. Nxe4 Bc7 14. Ne5 Nd7 15. Qc3 f6 16. Nd3 e5 17. d5 cxd5 18. cxd5 Bd6 19. f4 exf4 20. Nxf4 Ne5 21. Qb3 Bf5 22. Ne6 Bxe6 23. dxe6 Rab8 24. Rac1 Kh8 25. h3 b6 26. Nxd6 Rxd6 27. Rxd6 Qxd6 28. Qd5 Qe7 29. Be4 Re8 30. h4 Rd8 31. Qb3 g6 32. h5 g5 33. Bf5 Qd6 34. Qe3 Re8 35. Qc3 Qe7 36. a4 Qb7 37. Qc7 Re7 38. Qd8+ Kg7 39. Rc8 1-0